000 00792nam 22002413 4500
001 198805
010 _a972-9003-18-1
021 _aPT
_b44404/91
090 _a198805
100 _a20251104d u||y0pory50 ba
101 _apor
102 _aPT
200 _aFormação Profissional de Jovens na CEE
_eConfronto de Seis Casos: França, R.F.A., Itália, Grécia, Irlanda, Portugal
_fVasco F. Ferreira
205 _a
210 _aLisboa
_cInstituto do Emprego e Formação Profissional
_d1991
215 _a94, [2] p.
_cBrochado
_d23 cm
225 _aEstudos
_v5
606 _95170
_aCiências Sociais Educação
675 _a377-053.6(4)CEE/FER/FOR
_vPT
_zpor
700 _914722
_aFerreira
_bVasco F.
801 _aPT
_bBMMN
_gRPC
830 _cCarlos Pinto
_d04-11-2025
_fCarlos Pinto
990 _cLIVROS